000 00774cam a2200265 4500
001 M91139
008 090401t1998 xxu||||| |||| 00| 0 eng d
035 _a(Sirsi) u85604
041 _aeng
050 _a331.28169
110 _aHays Montrose
_91032
245 _aGuide to salaries in architecture, building surveying and professional quantity surveying : annual review 1998.
260 _aLondon
_bHays Montrose
_c1998
300 _a34p. ; 21x30cm.
350 _a25
520 _aGuide to consultants salaries.
650 _aARCHITECTS
650 _aBUILDING SURVEYORS
650 _aCONSULTANTS
650 _aQUANTITY SURVEYORS
650 _aSALARIES
690 _aMANAGEMENT-BUSINESS MANAGEMENT-PROFESSIONAL PRACTICE
942 _n0
948 _c16/04/1998
999 _c97058
_d97058